<?xml version="1.0" encoding="UTF-8"?><?xml-stylesheet type="text/xsl" href="static/style.xsl"?><OAI-PMH xmlns="http://www.openarchives.org/OAI/2.0/" xmlns:xsi="http://www.w3.org/2001/XMLSchema-instance" xsi:schemaLocation="http://www.openarchives.org/OAI/2.0/ http://www.openarchives.org/OAI/2.0/OAI-PMH.xsd"><responseDate>2026-04-27T12:51:26Z</responseDate><request verb="GetRecord" identifier="oai:uvadoc.uva.es:10324/51582" metadataPrefix="marc">https://uvadoc.uva.es/oai/request</request><GetRecord><record><header><identifier>oai:uvadoc.uva.es:10324/51582</identifier><datestamp>2022-05-30T11:58:06Z</datestamp><setSpec>com_10324_38</setSpec><setSpec>col_10324_852</setSpec></header><metadata><record xmlns="http://www.loc.gov/MARC21/slim" xmlns:doc="http://www.lyncode.com/xoai" xmlns:xsi="http://www.w3.org/2001/XMLSchema-instance" xmlns:dcterms="http://purl.org/dc/terms/" xsi:schemaLocation="http://www.loc.gov/MARC21/slim http://www.loc.gov/standards/marcxml/schema/MARC21slim.xsd">
<leader>00925njm 22002777a 4500</leader>
<datafield tag="042" ind1=" " ind2=" ">
<subfield code="a">dc</subfield>
</datafield>
<datafield tag="720" ind1=" " ind2=" ">
<subfield code="a">Rueda Rábano, Andrea</subfield>
<subfield code="e">author</subfield>
</datafield>
<datafield tag="260" ind1=" " ind2=" ">
<subfield code="c">2021</subfield>
</datafield>
<datafield tag="520" ind1=" " ind2=" ">
<subfield code="a">El trabajo que se va a presentar gira en torno a la materia de consolidación de &#xd;
estados financieros. En un primer momento, se realizará un análisis de la &#xd;
normativa aplicable en España junto con las particularidades introducidas por &#xd;
las normas internacionales. Adicionalmente, se verán los conceptos y partidas &#xd;
contables específicas de la consolidación con el objetivo de crear unas bases &#xd;
sobre las que cimentar el análisis práctico posterior sobre las cuentas del &#xd;
Grupo Ferrovial. &#xd;
El análisis práctico consistirá en una comparativa entre las cuentas &#xd;
consolidadas del Grupo Ferrovial y las presentadas individualmente por su &#xd;
empresa cabecera Ferrovial S.A., prestando especial atención a las partidas &#xd;
específicas tratadas anteriormente. Por último, como cierre al trabajo y al &#xd;
análisis de la empresa, se verán las ratios más significativas a la hora de &#xd;
reflejar la situación financiera tanto del grupo como de la individual, &#xd;
comprendiendo las principales diferencias entre ambas que se derivan de los &#xd;
estados financieros vistos</subfield>
</datafield>
<datafield tag="520" ind1=" " ind2=" ">
<subfield code="a">The study that is about to be presented revolves around area of financial&#xd;
statements consolidation. In the first place, an analysis will be performed over&#xd;
teh aplicable regulations in Spain in concern with the particularities indroduced&#xd;
by international regulations. Additionally concepts and specific accounting item&#xd;
will be seen with the aim of create a solid base upon wich to build the&#xd;
subsequent practical analysis of the Ferrovial Group’s accounts.&#xd;
The practical analysis will consist of a comparison between the consolidated&#xd;
accounts of the Ferrovial Group and those presented individually by its parent&#xd;
company Ferrovial S.A., paying special attention to the specific items discussed&#xd;
above. Finally, as a closure to the study and the analysis of the company, the&#xd;
most significant ratios will be seen, when it comes to reflecting the financial&#xd;
situation of both the group and the individual company, including the main&#xd;
differences between them two that derive from the financial statements seen.</subfield>
</datafield>
<datafield tag="024" ind2=" " ind1="8">
<subfield code="a">https://uvadoc.uva.es/handle/10324/51582</subfield>
</datafield>
<datafield ind1=" " ind2=" " tag="653">
<subfield code="a">Estados financieros consolidados</subfield>
</datafield>
<datafield ind1=" " ind2=" " tag="653">
<subfield code="a">Construcción - Industria</subfield>
</datafield>
<datafield tag="245" ind1="0" ind2="0">
<subfield code="a">Consolidación de estados financieros:  aproximación teórica y análisis práctico</subfield>
</datafield>
</record></metadata></record></GetRecord></OAI-PMH>